LEADER 00990nam0-22003011i-450 001 990001659740403321 005 20190529131328.0 035 $a000165974 035 $aFED01000165974 035 $a(Aleph)000165974FED01 035 $a000165974 100 $a20030910d1988----km-y0itay50------ba 101 0 $aeng 200 1 $a<>ultrastructural investigation of the another wall and tapetum in capparis spinosa L. var. inermis$fPaolo Gori, Matteo Lorito 210 $aFirenze$c...$d1988 215 $ap. 329-340$d24 cm 300 $aEstr. da : Caryologia, 41(3-4),1988. 610 0 $aBiologia vegetale 676 $a581.4 700 1$aGori,$bPaolo$071153 701 1$aLorito,$bMatteo$f<1961- >$0748363 801 0$aIT$bUNINA$gRICA$2UNIMARC 901 $aLG 912 $a990001659740403321 952 $a60 OP. 155/4$fFAGBC 959 $aFAGBC 996 $aUltrastructural investigation of the another wall and tapetum in capparis spinosa L. var. inermis$91552711 997 $aUNINA LEADER 01496nam a2200397 i 4500 001 991000822689707536 005 20020507174031.0 008 940730s1984 de ||| | eng 020 $a3540138730 035 $ab10762048-39ule_inst 035 $aLE01302840$9ExL 040 $aDip.to Matematica$beng 082 0 $a516.36040 084 $aAMS 32E 084 $aAMS 35J 084 $aAMS 53-06 084 $aAMS 53-XX 084 $aAMS 53A 084 $aAMS 53B25 084 $aAMS 53C 084 $aLC QA3 100 1 $aKenmotsu, Katsuei$0150976 245 10$aDifferential geometry of submanifolds :$bproc. of the conf. held at Kyoto, January 23-25, 1984 /$ced. K. Kenmotsu 260 $aBerlin ; New York :$bSpringer-Verlag,$c1984 300 $avi, 132 p. ;$c25 cm. 490 0 $aLecture notes in mathematics,$x0075-8434 ;$v1090 500 $a"Conference on Differential Geometry of Submanifolds at the Research Institute for Mathematical Sciences, Kyoto University, January 23-25, 1984." - Pref. 500 $aIncludes bibliographies and index 650 4$aDifferential geometry$xCongresses 650 4$aSubmanifolds$xCongresses 907 $a.b10762048$b23-02-17$c28-06-02 912 $a991000822689707536 945 $aLE013 53-XX KEN11 (1984)$g1$i2013000002415$lle013$o-$pE0.00$q-$rl$s- $t0$u0$v0$w0$x0$y.i10857424$z28-06-02 996 $aDifferential geometry of submanifolds$9383804 997 $aUNISALENTO 998 $ale013$b01-01-94$cm$da $e-$feng$gde $h0$i1 LEADER 01396nam a2200337 i 4500 001 991000819619707536 005 20020507174007.0 008 940330s1982 ||| ||| | eng 020 $a3540111972 035 $ab10761639-39ule_inst 035 $aLE01302798$9ExL 040 $aDip.to Matematica$beng 082 0 $a516.36 084 $aAMS 58-06 084 $aAMS 81-06 100 1 $aAndersson, Stig I.$046360 245 10$aDifferential geometric methods in mathematical physics :$bClausthal 1980 :$bproceedings of an International conference held at the Technical University of Clausthal, FRG, July 23 - 25, 1980 /$cedited by H.-D. Doebner, S. I. Andersson, and H. R. Petry 260 $aBerlin :$bSpringer-Verlag,$c1982 300 $avi, 309 p. ;$c25 cm. 490 0 $aLecture notes in mathematics,$x0075-8434 ;$v905 500 $aIncludes bibliographies 650 4$aDifferential geometry$xCongresses 650 4$aMathematical physics$xCongresses 700 1 $aDoebner, Heinz-Dietrich 700 1 $aPetry, Herbert Rainer 907 $a.b10761639$b23-02-17$c28-06-02 912 $a991000819619707536 945 $aLE013 58-XX DOE11 (1982)$g1$i2013000028804$lle013$o-$pE0.00$q-$rl$s- $t0$u0$v0$w0$x0$y.i10856912$z28-06-02 996 $aDifferential geometric methods in mathematical physics$9923092 997 $aUNISALENTO 998 $ale013$b01-01-94$cm$da $e-$feng$gxx $h0$i1 LEADER 04190nam 2200685 450 001 9910727268203321 005 20230811174134.0 010 $a9781526119148$b(PDF ebook) 010 $a1526119145$b(PDF ebook) 010 $a9781526119155$b(EPUB ebook) 010 $z9781526119131$b(hardback) 010 $z1526119137$b(hardback) 024 7 $a10.7765/9781526119148 035 $a(CKB)5690000000056303 035 $a(NjHacI)995690000000056303 035 $a(DE-B1597)660458 035 $a(DE-B1597)9781526119148 035 $a(EXLCZ)995690000000056303 100 $a20230703h20222022 uy 0 101 0 $aeng 135 $aur||||||||||| 181 $ctxt$2rdacontent 182 $cc$2rdamedia 183 $acr$2rdacarrier 200 00$aStereotypes and stereotyping in Early Modern England $epuritans, papists and projectors /$fedited by Koji Yamamoto 210 1$aManchester :$cManchester University Press,$d2022. 210 4$dİ2022 215 $a1 online resource (322 pages) 225 1 $aPolitics, Culture and Society in Early Modern Britain 311 08$aPrint version: Yamamoto, Koji. Stereotypes and stereotyping in early modern England. Manchester, UK. : Manchester University Press, 2022 9781526119131 1526119137 320 $aIncludes bibliographical references and index. 327 $aIntroduction: Rethinking early modern stereotyping in the twenty-first century -- Religious and national stereotyping and prejudice in seventeenth-century England -- On thinking (historically) with stereotypes, or the puritan origins of anti-puritanism -- History plays, Catholic polemics and the staging of political economy in Elizabethan England -- Alchemists, puritans and projectors in the plays of Ben Jonson -- Ranter and Quaker stereotyping in the English Revolution -- Fighting popery with popery: subverting stereotypes and contesting anti-Catholicism in late seventeenth-century England -- 'We do naturally ... hate the French': francophobia and francophilia in Samuel Pepys's Diary -- 'Sin and sea coal': smoke as urban life in early modern London -- Laboratories of subjectification: characters and stereotypes in late Stuart and Georgian theatre -- From Reformation to Enlightenment in post-Civil War orientalism -- Coda: The dialectics of stereotyping past and present. 330 $aEarly modern stereotypes used to be studied as evidence of popular belief, something mired with prejudices and commonly held assumptions. Stereotypes and stereotyping in early modern England goes beyond this view by exploring practices of stereotyping as contested processes. To do so, the volume draws on recent works on social psychology and sociology. It thereby brings together early modern case studies and explores how stereotypes and their mobilisation shaped various negotiations of power, in spheres of life such as politics, religion, economy and knowledge production.-- Provided by publisher. 410 0$aPolitics, culture, and society in early modern Britain. 517 3 $aPuritans, papists and projectors 606 $aStereotypes (Social psychology)$zEngland$xHistory$y17th century$3http://id.loc.gov/authorities/subjects/sh85128018 606 $aStereotypes (Social psychology)$zEngland$xHistory$y18th century$3http://id.loc.gov/authorities/subjects/sh85128018 606 $aStereotypes (Social psychology) 610 $aBen Jonson. 610 $aElizabethan and Jacobean plays. 610 $aProtestant Reformation. 610 $aRestoration and eighteenth-century plays. 610 $aSocial psychology. 610 $aknowledge production. 610 $aorientalism. 610 $apopery and anti-Catholicism. 610 $apublic sphere. 610 $aracial and ethnic stereotypes. 615 0$aStereotypes (Social psychology)$xHistory 615 0$aStereotypes (Social psychology)$xHistory 615 0$aStereotypes (Social psychology) 676 $a303.385 702 $aYamamoto$b Koji 801 0$bNjHacI 801 1$bNjHacl 801 2$bUkMaJRU 906 $aBOOK 912 $a9910727268203321 996 $aStereotypes and Stereotyping in Early Modern England$93395365 997 $aUNINA LEADER 02219nam 2200565 a 450 001 9910970250903321 005 20240417222522.0 010 $a9780252094088 010 $a0252094085 010 $a9781283994767 010 $a1283994763 035 $a(OCoLC)841170963 035 $a(Au-PeEL)EBL3414180 035 $a(CaPaEBR)ebr10650999 035 $a(CaONFJC)MIL430726 035 $a(OCoLC)923496681 035 $a(CKB)2550000000996666 035 $a(MiAaPQ)EBC3414180 035 $a(Perlego)2440958 035 $a(EXLCZ)992550000000996666 100 $a20111021d2012 uy 0 101 0 $aeng 135 $aur|n|---||||| 181 $ctxt 182 $cc 183 $acr 200 10$aJohn Sayles /$fDavid R. Shumway 205 $a1st ed. 210 $aUrbana $cUniversity of Illinois Press$dc2012 215 $a1 online resource (202 p.) 225 0$aContemporary film directors 300 $aDescription based upon print version of record. 311 08$a9780252078569 311 08$a025207856X 311 08$a9780252036989 311 08$a0252036980 320 $aIncludes bibliographical references, filmography and index. 327 $aJohn Sayles: critical realist -- John Sayles: independent -- John Sayles: realist -- Beginnings: return of the Secaucus seven -- Establishing a career -- Lianna and Baby it's you -- The brother from another planet and Springsteen videos -- Matewan -- Men out -- Place and melodrama: city of hope and passion fish -- Stories -- Lone star -- Men with guns -- Limbo -- Millennial sayles -- Casa de los babys -- Silver city -- Honeydripper. 330 8 $aJohn Sayles is the very paradigm of the contemporary independent filmmaker. By raising much of the funding for his films himself, Sayles functions more independently than most directors. In this study, Shumway examines the defining characteristic of Sayles's cinema: its realism. 410 0$aContemporary Film Directors 676 $a791.4302/33092 676 $aB 700 $aShumway$b David R$0869823 801 0$bMiAaPQ 801 1$bMiAaPQ 801 2$bMiAaPQ 906 $aBOOK 912 $a9910970250903321 996 $aJohn Sayles$94362770 997 $aUNINA LEADER 01312oam 2200409zu 450 001 9910872708503321 005 20241212214817.0 035 $a(CKB)111026746712636 035 $a(SSID)ssj0000455374 035 $a(PQKBManifestationID)12149110 035 $a(PQKBTitleCode)TC0000455374 035 $a(PQKBWorkID)10399705 035 $a(PQKB)11773044 035 $a(NjHacI)99111026746712636 035 $a(EXLCZ)99111026746712636 100 $a20160829d1995 uy 101 0 $aeng 135 $aur||||||||||| 181 $ctxt 182 $cc 183 $acr 200 10$a1995 IEEE International Conference on Systems, Man and Cybernetics 210 31$a[Place of publication not identified]$cIEEE$d1995 215 $a1 online resource (5028 pages) 300 $aBibliographic Level Mode of Issuance: Monograph 311 08$a9780780325593 311 08$a0780325591 606 $aSystems engineering 615 0$aSystems engineering. 676 $a003/.5 712 02$aIEEE, Institute of Electrical and Electronics Engineers, Inc. Staff 712 12$aIEEE International Conference on Systems, Man, and Cybernetics. 801 0$bPQKB 906 $aBOOK 912 $a9910872708503321 996 $a1995 IEEE International Conference on Systems, Man and Cybernetics$92526013 997 $aUNINA